| 000 | 00800nam a2200205Ia 4500 | ||
|---|---|---|---|
| 003 | GCL | ||
| 005 | 20240530110122.0 | ||
| 008 | 140319s9999 xx 000 0 ara d | ||
| 040 |
_aGCL / _cGCL |
||
| 082 | 0 | 4 |
_a418.1 _bع ت |
| 100 | 1 | _aابن حجر العسقلانى : بدر الدين ابو المعالى محمد بن احمد بن على | |
| 245 | 1 | 0 |
_aتبصير المنتبة بتحرير المشتبة / _cابن حجر العسقلانى : بدر الدين ابو المعالى محمد بن احمد بن على |
| 260 |
_a[S.N] : _bالمؤسسة المصرية العامة للتاليف |
||
| 300 | _a822 ص | ||
| 650 | 0 | 4 | _aاللغة العربية |
| 650 | 0 | 4 | _aالبلاغة العربية |
| 650 | 0 | 4 | _aالمعاجم |
| 650 | 0 | 4 | _aالمعانى |
| 942 |
_2ddc _cBK |
||
| 999 |
_c58708 _d58708 |
||